[Event "Titled Tuesday intern op 01st Feb-A"]
[Site "Chess.com INT"]
[Date "2022.02.01"]
[Round "9"]
[White "Doshi, Moksh Amitbhai"]
[Black "Efremova, Yulia"]
[Result "1-0"]
[WhiteElo "2368"]
[BlackElo "2127"]
[PlyCount "41"]
[EventDate "2022.02.01"]
[EventType "swiss (blitz)"]
[EventRounds "11"]
[EventCountry "USA"]
[SourceTitle "CBM 206 Extra"]
[Source "ChessBase"]
[SourceDate "2022.03.31"]
[SourceVersion "1"]
[SourceVersionDate "2022.03.31"]
[SourceQuality "1"]

1. d4 e5 2. dxe5 Nc6 3. Nf3 Qe7 4. Bg5 Qb4+ 5. Nbd2 Qxb2 6. Rb1 Qxa2 7. e3 Be7 8. Bc4 Qa5 9. Bf4 a6 10. 0-0 b5 11. Bd5 Bb7 12. c4 Nh6 13. Bxh6 gxh6 14. Ne4 Rg8 15. Qb3 Rg7 16. Nf6+ Bxf6 17. exf6 Rg4 18. cxb5 axb5 19. Bxf7+ Kd8 20. Bh5 Qa4 21. Qf7 1-0

[Event "Titled Tuesday intern op 01st Feb-A"]
[Site "Chess.com INT"]
[Date "2022.02.01"]
[Round "1"]
[White "Efremova, Yulia"]
[Black "Davtyan, Artur"]
[Result "0-1"]
[WhiteElo "2127"]
[BlackElo "2454"]
[PlyCount "84"]
[EventDate "2022.02.01"]
[EventType "swiss (blitz)"]
[EventRounds "11"]
[EventCountry "USA"]
[SourceTitle "CBM 206 Extra"]
[Source "ChessBase"]
[SourceDate "2022.03.31"]
[SourceVersion "1"]
[SourceVersionDate "2022.03.31"]
[SourceQuality "1"]

1. e4 e5 2. Bc4 Nf6 3. d4 exd4 4. Nf3 Nc6 5. e5 d5 6. exd6 Bxd6 7. 0-0 0-0 8. h3 h6 9. Re1 Bf5 10. Nbd2 Bc5 11. Nb3 Bb6 12. Bf4 a6 13. a3 Re8 14. Ne5 Nxe5 15. Bxe5 c5 16. Rc1 Ne4 17. Bf4 Qf6 18. Qf3 Bg6 19. Bd3 Qc6 20. Nd2 Nxd2 21. Qxc6 bxc6 22. Bxd2 Rxe1+ 23. Rxe1 Bxd3 24. cxd3 Kf8 25. b3 Rd8 26. Re4 Rd5 27. Kf1 Bd8 28. g4 Be7 29. Kg2 Rd7 30. f4 Rb7 31. b4 cxb4 32. Rxd4 bxa3 33. Kf3 Rb3 34. Ra4 Rxd3+ 35. Ke2 Rxh3 36. Rxa6 g6 37. Rxc6 a2 38. Ra6 Ba3 39. f5 a1Q 40. Bb4+ Kg7 41. f6+ Kh7 42. Ra7 Qe5+ 0-1

[Event "Titled Tuesday intern op 25th Jan"]
[Site "Chess.com INT"]
[Date "2022.01.25"]
[Round "2"]
[White "Efremova, Yulia"]
[Black "Bacrot, Etienne"]
[Result "0-1"]
[WhiteElo "2127"]
[BlackElo "2642"]
[PlyCount "94"]
[EventDate "2022.01.25"]
[EventType "swiss (blitz)"]
[EventRounds "11"]
[EventCountry "USA"]
[SourceTitle "CBM 206 Extra"]
[Source "ChessBase"]
[SourceDate "2022.03.31"]
[SourceVersion "1"]
[SourceVersionDate "2022.03.31"]
[SourceQuality "1"]

1. d4 Nf6 2. Bf4 c5 3. e3 g6 4. Nf3 Bg7 5. Be2 0-0 6. Nbd2 b6 7. h3 Bb7 8. 0-0 d6 9. Bh2 Nbd7 10. c4 Ne4 11. Nxe4 Bxe4 12. Rc1 Rc8 13. b3 e5 14. d5 Bxf3 15. gxf3 f5 16. Kg2 Qg5+ 17. Kh1 f4 18. Rg1 Qh6 19. e4 Qxh3 20. Bf1 Qh4 21. Rg4 Qxf2 22. Rc2 Qd4 23. Rd2 Qc3 24. Bg1 Nf6 25. Rh4 Nh5 26. Bf2 Bf6 27. Rxh5 gxh5 28. Bh3 Rc7 29. Be1 Rg7 30. Rh2 Qd4 31. Qxd4 exd4 32. Be6+ Kh8 33. Rxh5 Be5 34. Bg4 Rxg4 35. fxg4 f3 36. Rf5 Rxf5 37. gxf5 d3 38. Bd2 Kg7 39. Kg1 Bd4+ 40. Kf1 Kf6 41. Bf4 Be5 42. Bd2 Bg3 43. Be3 h5 44. Kg1 h4 45. Kh1 h3 46. Kg1 f2+ 47. Kf1 h2 0-1

[Event "Titled Tuesday intern op 25th Jan"]
[Site "Chess.com INT"]
[Date "2022.01.25"]
[Round "8"]
[White "Efremova, Yulia"]
[Black "Csonka, Balazs"]
[Result "1-0"]
[WhiteElo "2127"]
[BlackElo "2474"]
[PlyCount "79"]
[EventDate "2022.01.25"]
[EventType "swiss (blitz)"]
[EventRounds "11"]
[EventCountry "USA"]
[SourceTitle "CBM 206 Extra"]
[Source "ChessBase"]
[SourceDate "2022.03.31"]
[SourceVersion "1"]
[SourceVersionDate "2022.03.31"]
[SourceQuality "1"]

1. e4 c5 2. Nf3 e6 3. Nc3 a6 4. a4 Nc6 5. d3 d5 6. Be2 Nf6 7. 0-0 Be7 8. h3 0-0 9. Bf4 b6 10. Qc1 Bb7 11. Rd1 Nd4 12. e5 Nd7 13. Qd2 f6 14. Re1 fxe5 15. Nxe5 Bd6 16. Bg4 Rxf4 17. Qxf4 Nxe5 18. Rxe5 Qc7 19. Rae1 Rf8 20. Qg5 Bxe5 21. Rxe5 Qf7 22. Qd2 Qf6 23. Re3 e5 24. Rg3 Kh8 25. Nd1 g6 26. c3 Nf5 27. Bxf5 gxf5 28. b4 d4 29. bxc5 bxc5 30. cxd4 cxd4 31. Nb2 f4 32. Rg4 Bc8 33. f3 Bxg4 34. hxg4 h5 35. gxh5 Qh4 36. h6 Qxh6 37. Qe2 Qg5 38. Nc4 Rf5 39. Nd6 Rf8 40. Qe4 1-0

[Event "Titled Tuesday intern op 23rd Nov"]
[Site "Chess.com INT"]
[Date "2021.11.23"]
[Round "7"]
[White "Efremova, Yulia"]
[Black "Lehtosaari, Mauri"]
[Result "1-0"]
[WhiteElo "2127"]
[BlackElo "2199"]
[PlyCount "105"]
[EventDate "2021.11.23"]
[EventType "swiss (blitz)"]
[EventRounds "11"]
[EventCountry "USA"]
[SourceTitle "CBM 205 Extra"]
[Source "ChessBase"]
[SourceDate "2022.01.31"]
[SourceVersion "1"]
[SourceVersionDate "2022.01.31"]
[SourceQuality "1"]

1. e4 c5 2. Be2 Nc6 3. Nf3 e6 4. 0-0 d6 5. d3 Nf6 6. c3 b6 7. Re1 Bb7 8. Nbd2 Be7 9. Nf1 0-0 10. Ng3 d5 11. e5 Nd7 12. Bf1 d4 13. Bf4 Rc8 14. Qd2 Re8 15. Rad1 Nf8 16. h4 Ng6 17. h5 Nxf4 18. Qxf4 h6 19. Ne4 Na5 20. cxd4 cxd4 21. Nd6 Bxd6 22. exd6 f6 23. Qxd4 Bxf3 24. gxf3 Qd7 25. Bh3 Rcd8 26. Qe4 f5 27. Qb4 Nb7 28. d4 Qxd6 29. Qa4 Re7 30. d5 Nc5 31. Qh4 e5 32. Bxf5 Rf8 33. Bg4 Kh7 34. b4 Nd7 35. a3 Nf6 36. Bf5+ Kh8 37. Be6 Nh7 38. Rc1 Ng5 39. Bg4 Ref7 40. Red1 Nxf3+ 41. Bxf3 Rxf3 42. Rd2 R3f4 43. Qg3 R4f5 44. Qh4 Rg5+ 45. Kf1 Qf6 46. Qh2 Rf5 47. Rcc2 e4 48. Re2 Qa1+ 49. Re1 Qxa3 50. Qd6 Qd3+ 51. Rce2 Rxf2+ 52. Kg1 Qg3+ 53. Qxg3 1-0

[Event "Titled Tuesday intern op 23rd Nov"]
[Site "Chess.com INT"]
[Date "2021.11.23"]
[Round "2"]
[White "Kotepalli, Sai Nirupama"]
[Black "Efremova, Yulia"]
[Result "0-1"]
[WhiteElo "1914"]
[BlackElo "2127"]
[PlyCount "36"]
[EventDate "2021.11.23"]
[EventType "swiss (blitz)"]
[EventRounds "11"]
[EventCountry "USA"]
[SourceTitle "CBM 205 Extra"]
[Source "ChessBase"]
[SourceDate "2022.01.31"]
[SourceVersion "1"]
[SourceVersionDate "2022.01.31"]
[SourceQuality "1"]

1. e4 d5 2. exd5 Qxd5 3. Nc3 Qa5 4. d4 Nf6 5. Nf3 Bg4 6. Be2 Nc6 7. Be3 0-0-0 8. Qd2 e5 9. 0-0 Bxf3 10. Bxf3 Nxd4 11. Bxd4 exd4 12. Rad1 Bb4 13. a3 dxc3 14. axb4 cxd2 15. bxa5 a6 16. c3 Rhe8 17. b3 g5 18. b4 g4 0-1

[Event "Titled Tuesday intern op 26th Oct"]
[Site "Chess.com INT"]
[Date "2021.10.26"]
[Round "9"]
[White "Efremova, Yulia"]
[Black "Pourkashiyan, Atousa"]
[Result "0-1"]
[WhiteElo "2127"]
[BlackElo "2322"]
[PlyCount "86"]
[EventDate "2021.10.26"]
[EventType "swiss (blitz)"]
[EventRounds "11"]
[EventCountry "USA"]
[SourceTitle "CBM 204 Extra"]
[Source "ChessBase"]
[SourceDate "2021.11.30"]
[SourceVersion "1"]
[SourceVersionDate "2021.11.30"]
[SourceQuality "1"]

1. e4 c5 2. Nf3 e6 3. g3 Nc6 4. Bg2 d5 5. exd5 exd5 6. 0-0 Nf6 7. Re1+ Be7 8. d4 0-0 9. Bg5 c4 10. Nc3 Be6 11. Ne5 h6 12. Bf4 Bb4 13. Nxc6 bxc6 14. Be5 Nd7 15. Qf3 Nxe5 16. Rxe5 Bd6 17. Re3 Qb6 18. Rae1 Qxd4 19. Qh5 Qf6 20. Rf3 Qg5 21. Qxg5 hxg5 22. Ne2 Bg4 23. Re3 Bc5 24. Re5 f6 25. Bxd5+ cxd5 26. Rxd5 Bb6 27. Nc1 Rfe8 28. Rf1 Rad8 29. Rxd8 Rxd8 30. b3 Rd2 31. bxc4 Bh3 32. Nb3 Rxc2 33. c5 Bxc5 34. Rd1 Bxf2+ 35. Kh1 Bb6 36. Rd2 Rxd2 37. Nxd2 Be6 38. h4 gxh4 39. gxh4 Bxa2 40. Kh2 Bd5 41. Kg3 a5 42. Kg4 a4 43. Kf5 a3 0-1